[Event "DEM U14 2020"]
[Site "Willingen GER"]
[Date "2020.10.24"]
[Round "7"]
[White "Englert, Luca"]
[Black "Weidenhöfer, Max"]
[Result "1-0"]
[Termination "normal"]
[Board "20"]
[WhiteElo "1530"]
[BlackElo "1897"]
[WhiteClock "01:43:23"]
[BlackClock "00:16:21"]
[PlyCount "101"]
[WhiteFideId "16293088"]
[BlackFideId "16230566"]
[EventCountry "GER"]
[EventRounds "7"]
[EventType "swiss"]
[EventDate "2020.10.19"]

1. e4 {[%clk 1:30:59]} c6 {[%clk 1:30:56]} 2. d4 {[%clk 1:31:26]} d5 {[%clk
1:31:21]} 3. Nc3 {[%clk 1:31:51]} dxe4 {[%clk 1:31:46]} 4. Nxe4 {[%clk
1:32:14]} Bf5 {[%clk 1:32:11]} 5. Ng3 {[%clk 1:32:39]} Bg6 {[%clk 1:32:36]} 6.
Nf3 {[%clk 1:33:05]} Nd7 {[%clk 1:33:00]} 7. h4 {[%clk 1:33:30]} h6 {[%clk
1:33:27]} 8. h5 {[%clk 1:33:57]} Bh7 {[%clk 1:33:54]} 9. Bd3 {[%clk 1:34:23]}
Bxd3 {[%clk 1:34:20]} 10. Qxd3 {[%clk 1:34:48]} e6 {[%clk 1:34:46]} 11. Bf4
{[%clk 1:35:05]} Qa5+ {[%clk 1:34:51]} 12. Bd2 {[%clk 1:35:15]} Qc7 {[%clk
1:35:15]} 13. O-O-O {[%clk 1:35:40]} Ngf6 {[%clk 1:35:30]} 14. Ne4 {[%clk
1:35:59]} Nxe4 {[%clk 1:35:51]} 15. Qxe4 {[%clk 1:36:25]} Nf6 {[%clk 1:36:13]}
16. Qd3 {[%clk 1:35:28]} Bd6 {[%clk 1:34:07]} 17. Kb1 {[%clk 1:35:45]} O-O-O
{[%clk 1:33:41]} 18. c4 {[%clk 1:36:09]} Kb8 {[%clk 1:31:35]} 19. Bc3 {[%clk
1:33:19]} Ka8 {[%clk 1:25:58]} 20. Qe2 {[%clk 1:32:22]} Rhe8 {[%clk 1:19:49]}
21. Ne5 {[%clk 1:32:12]} Re7 {[%clk 1:13:49]} 22. f4 {[%clk 1:31:33]} Ne8
{[%clk 0:59:05]} 23. Rh3 {[%clk 1:27:08]} Bxe5 {[%clk 0:36:51]} 24. dxe5 {[%clk
1:27:04]} Red7 {[%clk 0:36:46]} 25. Rhd3 {[%clk 1:27:22]} Kb8 {[%clk 0:36:13]}
26. Kc2 {[%clk 1:26:58]} Kc8 {[%clk 0:35:14]} 27. Bb4 {[%clk 1:26:33]} c5
{[%clk 0:33:18]} 28. Rxd7 {[%clk 1:26:14]} Rxd7 {[%clk 0:33:39]} 29. Rxd7
{[%clk 1:26:40]} Kxd7 {[%clk 0:33:58]} 30. Qd3+ {[%clk 1:27:03]} Ke7 {[%clk
0:32:06]} 31. Be1 {[%clk 1:26:38]} Qc6 {[%clk 0:29:55]} 32. Bh4+ {[%clk
1:25:26]} Kf8 {[%clk 0:30:24]} 33. g3 {[%clk 1:25:09]} Kg8 {[%clk 0:28:34]} 34.
b3 {[%clk 1:23:59]} a6 {[%clk 0:23:13]} 35. a4 {[%clk 1:21:01]} Kh8 {[%clk
0:10:28]} 36. a5 {[%clk 1:17:25]} Kg8 {[%clk 0:04:25]} 37. Qd1 {[%clk 1:15:16]}
Qg2+ {[%clk 0:02:51]} 38. Kc3 {[%clk 1:15:22]} Qc6 {[%clk 0:02:37]} 39. Be7
{[%clk 1:14:14]} Qc7 {[%clk 0:00:38]} 40. Qd8 {[%clk 1:13:35]} Qc6 {[%clk
0:00:32]} 41. Bxc5 {[%clk 1:12:58]} Qxc5 {[%clk 0:22:57]} 42. Qxe8+ {[%clk
1:43:23]} Kh7 {[%clk 0:23:19]} 43. Qxf7 {[%clk 1:43:28]} Qe3+ {[%clk 0:23:14]}
44. Kb4 {[%clk 1:41:43]} Qd2+ {[%clk 0:20:27]} 45. Kc5 {[%clk 1:41:44]} Qxa5+
{[%clk 0:20:04]} 46. Kd6 {[%clk 1:42:09]} Qb6+ {[%clk 0:19:31]} 47. Ke7 {[%clk
1:42:33]} Qxb3 {[%clk 0:19:13]} 48. Qg6+ {[%clk 1:42:40]} Kg8 {[%clk 0:18:17]}
49. Qxe6+ {[%clk 1:42:44]} Kh8 {[%clk 0:18:22]} 50. Kf7 {[%clk 1:43:09]} Qxg3
{[%clk 0:16:21]} 51. Qe8+ {[%clk 1:43:23]} 1-0